| 000 | 00659nam a2200241Ia 4500 | ||
|---|---|---|---|
| 003 | OSt | ||
| 005 | 20220918203558.0 | ||
| 006 | a|||||r|||| 00| 0 | ||
| 007 | ta | ||
| 008 | 220917b |||||||| |||| 00| 0 eng d | ||
| 024 | _a109,061 | ||
| 037 | _cTextual | ||
| 040 |
_aARTS _cARTS _beng |
||
| 041 |
_2eng _aeng |
||
| 082 | _aV4-19E:19(zA), G7 (EV) | ||
| 100 | _aHudson G F | ||
| 245 | 0 |
_aFar East in world politics _b a study in recent history |
|
| 250 | _a2nd | ||
| 260 |
_aLondon _bOxford University Press _c1945 |
||
| 650 | _aHISTORY | ||
| 942 |
_hV4-19E:19(zA), G7 (EV) _cTEXL _2CC |
||
| 999 |
_c232415 _d232415 |
||